Теория вероятностей и математическая статистика: учебник

Bibliographic Details
Main Author: Королев В. Ю. Виктор Юрьевич
Corporate Author: Московский государственный университет им. М. В. Ломоносова Факультет вычислительной математики и кибернетики
Summary:Учебник содержит изложение основных разделов теории вероятностей и математической статистики. Основное внимание уделено особенностям практического применения описываемых моделей и методов теории вероятностей и математической статистики. Учебник ориентирован на формирование у читателя понимания возможностей теории вероятностей и математической статистики и ошибок, происходящих при неправильном применении вероятностных моделей и статистических процедур. Наряду с разделами, традиционно включаемыми в стандартные курсы теории вероятностей и математической статистики, содержатся некоторые специальные разделы, в частности, связанные со свойствами равномерного распределения и его ролью. Для понимания основных частей курса достаточно хорошего знания математики в рамках школьной программы. Для студентов, обучающихся по экономическим, инженерным, психологическим и другим специальностям, использующим методы теории вероятностей и процедуры статистического анализа в качестве инструмента для решения конкретных практических задач.
Language:Russian
Published: Москва, Проспект, 2006
Subjects:
Format: Book
KOHA link:https://koha.lib.tpu.ru/cgi-bin/koha/opac-detail.pl?biblionumber=71421

MARC

LEADER 00000nam0a2200000 4500
001 71421
005 20231031082611.0
010 |a 5482002748 
035 |a (RuTPU)RU\TPU\book\76043 
090 |a 71421 
100 |a 20041217d2006 m y0rusy50 ca 
101 0 |a rus 
102 |a RU 
105 |a y j 001zy 
200 1 |a Теория вероятностей и математическая статистика  |e учебник  |f В. Ю. Королев  |g Московский государственный университет им. М. В. Ломоносова, Факультет вычислительной математики и кибернетики 
210 |a Москва  |c Проспект  |d 2006 
215 |a 160 с. 
320 |a Библиография в конце книги. 
330 |a Учебник содержит изложение основных разделов теории вероятностей и математической статистики. Основное внимание уделено особенностям практического применения описываемых моделей и методов теории вероятностей и математической статистики. Учебник ориентирован на формирование у читателя понимания возможностей теории вероятностей и математической статистики и ошибок, происходящих при неправильном применении вероятностных моделей и статистических процедур. Наряду с разделами, традиционно включаемыми в стандартные курсы теории вероятностей и математической статистики, содержатся некоторые специальные разделы, в частности, связанные со свойствами равномерного распределения и его ролью. Для понимания основных частей курса достаточно хорошего знания математики в рамках школьной программы. Для студентов, обучающихся по экономическим, инженерным, психологическим и другим специальностям, использующим методы теории вероятностей и процедуры статистического анализа в качестве инструмента для решения конкретных практических задач. 
451 1 |0 (RuTPU)RU\TPU\book\162253  |y 9785-482-01946-7  |t Теория вероятностей и математическая статистика  |o учебник  |f В. Ю. Королев  |g Московский государственный университет им. М. В. Ломоносова, Факультет вычислительной математики и кибернетики  |c М.  |n Проспект  |d 2008  |p 160 с.  |a Королев, Виктор Юрьевич 
610 1 |a теория вероятностей 
610 1 |a вероятности 
610 1 |a математическая статистика 
610 1 |a учебники 
610 1 |a прикладная теория вероятностей 
610 1 |a независимость 
610 1 |a случайные величины 
610 1 |a числовые характеристики 
610 1 |a испытания Бернулли 
610 1 |a предельные теоремы 
610 1 |a закон больших чисел 
610 1 |a закон Бенфорда 
610 1 |a случайные векторы 
610 1 |a условные распределения 
610 1 |a прикладная статистика 
610 1 |a выборочные характеристики 
610 1 |a выборка 
610 1 |a метод наибольшего правдоподобия 
610 1 |a метод моментов 
610 1 |a критерии согласия 
610 1 |a стохастические зависимости 
675 |a 519.2(075.8)  |v 3 
700 1 |a Королев  |b В. Ю.  |g Виктор Юрьевич 
712 0 2 |a Московский государственный университет им. М. В. Ломоносова  |b Факультет вычислительной математики и кибернетики  |2 stltpush  |3 (RuTPU)RU\TPU\col\7 
801 1 |a RU  |b 63413507  |c 20041217  |g PSBO 
801 2 |a RU  |b 63413507  |c 20211018  |g PSBO 
900 |a Теория вероятности и математическая статистика 
942 |c BK 
952 |b 080100 
959 |a 18/20060226  |d 1  |e 103,95  |f ЧЗТЛ:1